|
|
|
|
| LEADER |
00000nab a2200000 a 4500 |
| 001 |
vtls000028101 |
| 003 |
SK-MaSNL |
| 005 |
20260304062131.0 |
| 008 |
250422c1979 xo 0 slo |
| 015 |
|
|
|a SNBRB19rr/mm-uuuuu
|
| 035 |
|
|
|a CL0038195
|
| 035 |
|
|
|a urn:nbn:sk:snk-abdjyu
|
| 035 |
|
|
|a (urnnbn)urn:nbn:sk:snk:ar-0015v1
|
| 035 |
|
|
|a (uuid)1eaf453c-7c64-4679-8e4c-c38515eb4766
|
| 040 |
|
|
|a SNKBUCL
|b slo
|c SNKBUCL
|e AACR2
|
| 041 |
0 |
|
|a slo
|
| 044 |
|
|
|a xo
|c SK
|
| 080 |
|
|
|a 791.4
|2 1981
|
| 100 |
1 |
|
|a Viskup, Peter
|4 aut
|9 954223
|
| 245 |
1 |
0 |
|a Pustý dvor
|c Peter Viskup
|
| 630 |
0 |
7 |
|a Pustý dvor (film)
|2 snkbucl
|9 1347166
|
| 650 |
0 |
7 |
|a slovenské filmy
|2 snkbucl
|9 317290
|
| 655 |
|
7 |
|a recenzie
|2 snkbucl
|9 21907
|
| 655 |
|
7 |
|a články z novín a časopisov
|2 snkbucl
|9 267496
|
| 773 |
0 |
|
|t Film a divadlo
|g Roč. 23, č. 8 (1979), s. 14-15
|
| 850 |
|
|
|a Slovenská národná knižnica
|
| 852 |
|
|
|a Slovenská národná knižnica
|
| 954 |
|
|
|a odborná, vedecká literatúra pôvodná (slovenská)
|2 lita
|
| 958 |
|
|
|a article19
|
| 958 |
|
|
|a OND
|
| 958 |
|
|
|a RK
|
| 958 |
|
|
|a EUIPO
|
| 992 |
|
|
|a RBX
|
| 999 |
|
|
|c 2736639
|d 2738569
|